000 01299cam a2200325 a 4500
001 13197047
003 ARRUPE
005 20160812114243.0
008 030514s2004 enk b 001 0 eng
010 _a 2003053200
020 _a0521394864
040 _aDLC
_cDLC
_dDLC
043 _af-nr---
050 0 0 _aPR9387.9.S6
_bZ76
082 0 0 _a822/.914
_221
100 1 _aJeyifo, Biodun,
_d1946-
_924621
245 1 0 _aWole Soyinka :
_bpolitics, poetics, and postcolonialism /
_cBiodun Jeyifo.
260 _aCambridge, UK ;
_aNew York :
_bCambridge University Press,
_c2004.
300 _axxxiii, 322 p. ;
_c23 cm.
440 0 _aCambridge studies in African and Caribbean literature
_924973
504 _aIncludes bibliographical references (p. 307-316) and index.
600 1 0 _aSoyinka, Wole
_xCriticism and interpretation.
_924930
650 0 _aPolitics and literature
_zNigeria.
_924974
650 0 _aPostcolonialism in literature.
_924975
650 0 _aPostcolonialism
_zNigeria.
_924976
651 0 _aNigeria
_xIn literature.
_93824
906 _a7
_bcbc
_corignew
_d1
_eocip
_f20
_gy-gencatlg
942 _2lcc
_cMONOGRAPH
999 _c124974
_d124974